00197nam a2200073Ia 4500008004100000100001900041245004500060260001800105170617s9999 xx 000 0 und d aVogel-Arthus I 0aElementary Practical Organic Chemistry-4 bMumbai-Source